000 00260nam a22001097a 4500
008 170105b xxu||||| |||| 00| 0 eng d
020 _a9780131789708
041 _aeng
080 _22ND
_a618.2
245 _aMEDICAL-SURGICAL NURSING
_cHOGAN, M.A
942 _2udc
_cBK
999 _c2591
_d2591